000
00304nam a22001337a 4500
008
180212b xxu||||| |||| 00| 0 eng d
020
_a
9780412337901
041
_a
eng
080
_a
37
100
_a
47
101
_a
POL
245
_a
Senile dementia policy and services
_c
Ineichen,B
942
_2
udc
_c
BK
999
_c
42308
_d
42308